[Event "21. Activity-Cup"]
[Site "Tennispoint Vienna, 1030 Wien,"]
[Date "2018.07.23"]
[Round "1.1"]
[White "Broneder, Kurt"]
[Black "Miazhynski, Michael"]
[Result "0-1"]
[WhiteElo "1098"]
[BlackElo "1587"]
[PlyCount "40"]
[EventDate "2018.07.23"]

1. f4 Nf6 2. Nf3 g6 3. e3 Bg7 4. Nc3 d6 5. Rb1 Nbd7 6. b3 O-O 7. Bb2 Re8 8. Bd3
e5 9. O-O e4 10. Bc4 exf3 11. Rxf3 Nb6 12. Rg3 Nxc4 13. bxc4 h5 14. h3 Be6 15.
d3 Qe7 16. Qe2 c6 17. e4 h4 18. Re3 Nh5 19. Qf2 Bd4 20. Qf3 Qf6 0-1

[Event "21. Activity-Cup"]
[Site "Tennispoint Vienna, 1030 Wien,"]
[Date "2018.07.23"]
[Round "1.2"]
[White "Kaspar, Sebastian"]
[Black "Djeno, Marta"]
[Result "1/2-1/2"]
[WhiteElo "1537"]
[BlackElo "1065"]
[PlyCount "60"]
[EventDate "2018.07.23"]

1. d4 d6 2. e4 g6 3. Nf3 Nf6 4. Bd3 Bg7 5. c3 Nbd7 6. h3 c5 7. Be3 a6 8. O-O
O-O 9. e5 Nd5 10. exd6 Nxe3 11. fxe3 exd6 12. Nbd2 Nf6 13. Re1 b5 14. e4 c4 15.
Bc2 d5 16. e5 Nh5 17. a4 Bd7 18. axb5 axb5 19. b3 Nf4 20. bxc4 bxc4 21. Nf1 Qb8
22. Qb1 Re8 23. Ng3 Qc7 24. Ne2 Nxe2+ 25. Rxe2 Bh6 26. Rxa8 Rxa8 27. g4 Bf4 28.
Kg2 Qb8 29. Qxb8+ Rxb8 30. Kf2 Ra8 1/2-1/2

[Event "21. Activity-Cup"]
[Site "Tennispoint Vienna, 1030 Wien,"]
[Date "2018.07.23"]
[Round "1.3"]
[White "Manukyan, David"]
[Black "Bilyalov, Erol"]
[Result "0-1"]
[WhiteElo "900"]
[BlackElo "1495"]
[PlyCount "66"]
[EventDate "2018.07.23"]

1. d4 d5 2. c4 c6 3. Nc3 e6 4. Nf3 Nd7 5. Bg5 Ngf6 6. Ne5 Be7 7. Nxd7 Bxd7 8.
c5 h6 9. Bh4 b6 10. b4 bxc5 11. dxc5 a5 12. a3 Qb8 13. Bg3 e5 14. b5 Bxc5 15.
bxc6 Bxc6 16. Na4 Bd6 17. Rb1 Qc7 18. Ra1 O-O 19. e3 Bxa4 20. Qxa4 Qc3+ 21. Ke2
Qb2+ 22. Ke1 Qxa1+ 23. Ke2 Qb2+ 24. Ke1 Ne4 25. Qd1 Rab8 26. Bd3 Nc3 27. Qd2
Qxd2+ 28. Kxd2 Ne4+ 29. Bxe4 dxe4 30. Rc1 Bxa3 31. Ra1 Rfd8+ 32. Kc3 Bb2+ 33.
Kc2 Bxa1 0-1

[Event "21. Activity-Cup"]
[Site "Tennispoint Vienna, 1030 Wien,"]
[Date "2018.07.23"]
[Round "1.4"]
[White "Peraus, Leonie"]
[Black "Pavlov, Julian"]
[Result "1-0"]
[WhiteElo "1269"]
[BlackElo "870"]
[PlyCount "63"]
[EventDate "2018.07.23"]

1. e4 e5 2. Nf3 Nc6 3. Bc4 Bc5 4. c3 Nf6 5. d3 O-O 6. O-O d6 7. h3 h6 8. Qe2 a6
9. Be3 Bxe3 10. Qxe3 Bd7 11. Nbd2 Re8 12. d4 exd4 13. cxd4 Nb4 14. Rac1 Rb8 15.
Rfe1 Nh7 16. Qb3 Nc6 17. Bxf7+ Kf8 18. Bxe8 Qxe8 19. d5 Nd8 20. Rxc7 Nf6 21.
Qb4 Qg6 22. Qxd6+ Ke8 23. Ne5 Qg5 24. Nxd7 Nxd7 25. Rxd7 Rc8 26. Nf3 Qf6 27.
Qxf6 gxf6 28. Rh7 Rc2 29. e5 f5 30. e6 Rxb2 31. d6 Rxa2 32. Rh8# 1-0

[Event "21. Activity-Cup"]
[Site "Tennispoint Vienna, 1030 Wien,"]
[Date "2018.07.23"]
[Round "1.5"]
[White "Kober, Stefan"]
[Black "Sölkner, Julian"]
[Result "1/2-1/2"]
[WhiteElo "826"]
[BlackElo "1254"]
[PlyCount "99"]
[EventDate "2018.07.23"]

1. e4 e5 2. Nf3 Nc6 3. Bc4 Bc5 4. O-O d6 5. h3 Nf6 6. Nc3 O-O 7. d3 h6 8. Bd2
Ne7 9. Qe2 Ng6 10. Be3 Bb6 11. Qd2 Bxe3 12. Qxe3 c6 13. Ne2 Nh5 14. d4 Re8 15.
d5 c5 16. Bb5 Bd7 17. Bxd7 Qxd7 18. c4 Nhf4 19. Nxf4 exf4 20. Qd3 Qd8 21. Rfe1
Ne5 22. Nxe5 Rxe5 23. b3 Qf6 24. Qf3 Rae8 25. Re2 Rg5 26. Rae1 Ree5 27. a3 Rg6
28. Kh1 Reg5 29. Rg1 b6 30. Ra2 Re5 31. Kh2 Re7 32. Rc2 Rg5 33. Kh1 Rge5 34.
Re2 Qg6 35. Rge1 f5 36. Qxf4 fxe4 37. Kg1 Rf7 38. Qh4 Rg5 39. Qxe4 Qh5 40. Qe8+
Kh7 41. Qe4+ Rg6 42. Qd3 Rf5 43. Kh2 Rfg5 44. Rg1 Qh4 45. Qf3 Rf6 46. Qd3+ Rgg6
47. Qe3 Rf5 48. Kh1 Rfg5 49. Qf3 Rf6 50. Qd3+ 1/2-1/2

[Event "21. Activity-Cup"]
[Site "Tennispoint Vienna, 1030 Wien,"]
[Date "2018.07.23"]
[Round "1.6"]
[White "Peraus, Tizian"]
[Black "Haumann, Katharina"]
[Result "1-0"]
[WhiteElo "1186"]
[BlackElo "800"]
[PlyCount "45"]
[EventDate "2018.07.23"]

1. e4 e5 2. Nf3 d6 3. d4 Be7 4. dxe5 Bd7 5. Bc4 Nc6 6. exd6 Bxd6 7. Ng5 h6 8.
Nxf7 Qe7 9. Nxh8 Qxe4+ 10. Qe2 Bf5 11. Qxe4+ Bxe4 12. O-O Bxc2 13. Re1+ Nce7
14. Bf7+ Kd8 15. Bxg8 Nxg8 16. Nf7+ Kc8 17. Nxd6+ cxd6 18. Re8+ Kc7 19. Rxa8
Nf6 20. Nc3 Kc6 21. Be3 b5 22. Rc1 b4 23. Ne2 {Kathy zog mit dem Lc2, das ist
der 2. unerlaubte Zug in dieser Partie, daher gewinnt Weiß} 1-0

[Event "21. Activity-Cup"]
[Site "Tennispoint Vienna, 1030 Wien,"]
[Date "2018.07.23"]
[Round "2.1"]
[White "Miazhynski, Michael"]
[Black "Dotzer, Lukas"]
[Result "1-0"]
[WhiteElo "1587"]
[BlackElo "1164"]
[PlyCount "81"]
[EventDate "2018.07.23"]

1. c4 e5 2. Nc3 Nf6 3. g3 d5 4. cxd5 Nxd5 5. Bg2 Nxc3 6. bxc3 c6 7. Nf3 Bd6 8.
O-O O-O 9. d3 e4 10. dxe4 Bc7 11. Ba3 Re8 12. e5 Qxd1 13. Raxd1 Bg4 14. Bd6 Na6
15. h3 Be6 16. a3 Rad8 17. Rd2 Bb6 18. Nd4 h6 19. Nxe6 Rxe6 20. Rfd1 Ree8 21.
c4 Bc5 22. Bxc5 Nxc5 {Schwarz hat den Läufer berührt, in der Absicht, ihn zu
schlagen. Daher musste Sxc5 geschehen.} 23. Rxd8 Rxd8 24. Rxd8+ Kh7 25. Rd6 a6
26. Kf1 Kg8 27. Ke1 Kf8 28. Kd2 Ke7 29. f4 g5 30. Kc3 Ne4+ 31. Bxe4 f6 32. Kd4
h5 33. c5 h4 34. exf6+ Kf7 35. fxg5 hxg3 36. g6+ Ke8 37. Bg2 a5 38. Ke5 a4 39.
Ke6 b5 40. Bxc6+ Kf8 41. Rd8# 1-0

[Event "21. Activity-Cup"]
[Site "Tennispoint Vienna, 1030 Wien,"]
[Date "2018.07.23"]
[Round "2.2"]
[White "Bilyalov, Erol"]
[Black "Miazhynski, Alexander"]
[Result "0-1"]
[WhiteElo "1495"]
[BlackElo "1122"]
[PlyCount "168"]
[EventDate "2018.07.23"]

1. d4 Nf6 2. c4 g6 3. Nc3 Bg7 4. Nf3 O-O 5. e3 d6 6. Bd3 Nbd7 7. O-O e5 8. Ne4
Nxe4 9. Bxe4 f5 10. Bd5+ Kh8 11. dxe5 dxe5 12. e4 fxe4 13. Bxe4 Nc5 14. Qxd8
Rxd8 15. Ng5 Nxe4 16. Nf7+ Kg8 17. Nxd8 Bf6 18. Re1 Nd6 19. c5 Nb5 20. a4 Nd4
21. Rd1 Bxd8 22. Be3 Bf6 23. Bxd4 exd4 24. Rd3 Bf5 25. Rb3 b6 26. cxb6 cxb6 27.
a5 bxa5 28. Rxa5 d3 29. Rd5 Rc8 30. f3 Be6 31. Rdxd3 Bxb3 32. Rxb3 Bd4+ 33. Kf1
a5 34. Rb5 Kg7 35. b3 Rc5 36. Rb7+ Kh6 37. f4 Bc3 38. g4 g5 39. f5 Rc6 40. Ke2
Bd4 41. Kd3 Bg1 42. h3 Rb6 43. Rxb6+ Bxb6 44. Ke4 Kg7 45. Ke5 Kf7 46. Kd6 Kf6
47. Kd7 Kf7 48. Kd6 Kf6 49. Kc6 Be3 50. Kd7 h5 51. Kd6 hxg4 52. hxg4 Bd4 53.
Kd5 Bb2 54. Kd6 Be5+ 55. Kd5 Bf4 56. Ke4 Ke7 57. Kd5 Bg3 58. Kc6 Be1 59. Kd5
Bc3 60. Kc6 Bb4 61. Kd5 Kd7 62. Ke5 Bc3+ 63. Kd5 Bb4 64. Ke5 Kc6 65. f6 Kd7 66.
Kf5 Bd2 67. Kg6 Ke8 68. Kg7 Bc3 69. Kg6 Bd2 70. Kg7 Bb4 71. Kg6 Bd2 72. f7+ Kf8
73. Kf6 Bc3+ 74. Kg6 Bg7 75. Kxg5 Kxf7 76. Kf5 Ke7 77. Ke4 Kd6 78. Kd3 Kc5 79.
Kc2 Kb4 80. g5 Be5 81. g6 Bg7 82. Kb1 Kxb3 83. Kc1 a4 84. Kb1 a3 0-1

[Event "21. Activity-Cup"]
[Site "Tennispoint Vienna, 1030 Wien,"]
[Date "2018.07.23"]
[Round "2.3"]
[White "Manukyan, Sem"]
[Black "Peraus, Leonie"]
[Result "0-1"]
[WhiteElo "1166"]
[BlackElo "1269"]
[PlyCount "120"]
[EventDate "2018.07.23"]

1. d4 d5 2. c3 Bf5 3. e3 e6 4. Bd3 Bxd3 5. Qxd3 Nf6 6. f4 c5 7. b3 Bd6 8. Nf3
Nbd7 9. Nbd2 Rc8 10. O-O O-O 11. Bb2 h6 12. Ne5 a6 13. a4 Qc7 14. Rf3 cxd4 15.
exd4 Rb8 16. a5 Qc8 17. Rh3 b5 18. b4 Re8 19. Qg3 h5 20. Qh4 g6 21. g4 Bxe5 22.
fxe5 Nxg4 23. Qg5 Qd8 24. Rxh5 Qxg5 25. Rxg5 Ne3 26. h4 Kg7 27. Kf2 Nf5 28. Rh1
Rh8 29. Nf3 Rh7 30. Bc1 Rbh8 31. Rg4 f6 32. Bf4 Rc8 33. Rhg1 Nf8 34. exf6+ Kxf6
35. Be5+ Kf7 36. Ng5+ Kg8 37. Nxh7 Kxh7 38. h5 gxh5 39. Rh1 h4 40. Rh3 Ng6 41.
Bf6 Rf8 42. Be5 Nh6+ 43. Rf4 Nxf4 44. Bxf4 Rxf4+ 45. Ke3 Re4+ 46. Kf3 Nf5 47.
Kf2 Kh6 48. Rf3 Kg5 49. Rd3 Kg4 50. Kg2 Re3 51. Rd2 h3+ 52. Kh2 Nh4 53. Ra2 Rg3
54. Kh1 Rg2 55. Ra3 h2 56. Rb3 Kg3 57. c4+ Nf3 58. Rxf3+ Kxf3 59. cxb5 Kg3 60.
bxa6 Rg1# 0-1

[Event "21. Activity-Cup"]
[Site "Tennispoint Vienna, 1030 Wien,"]
[Date "2018.07.23"]
[Round "2.4"]
[White "Pavlov, Alexander"]
[Black "Peraus, Tizian"]
[Result "0-1"]
[WhiteElo "1152"]
[BlackElo "1186"]
[PlyCount "92"]
[EventDate "2018.07.23"]

1. e4 c5 2. Nf3 Nc6 3. d4 cxd4 4. Nxd4 e5 5. Nxc6 bxc6 6. Bc4 Nf6 7. Nc3 Bb4 8.
Bd2 d6 9. O-O Bxc3 10. Bxc3 O-O 11. Re1 Re8 12. Bb3 Be6 13. Bd2 Bxb3 14. axb3
h6 15. Be3 Nxe4 16. Bxa7 d5 17. f3 Nf6 18. Bf2 Re6 19. Bh4 Rc8 20. Qd3 Qd6 21.
Qc3 Rce8 22. Re2 d4 23. Qa5 d3 24. Rd2 Qd4+ 25. Bf2 Qxb2 26. Rxd3 Qxc2 27. Rc3
Qg6 28. Rac1 Nd5 29. Rc5 Nf4 30. Kf1 Qxg2+ 31. Ke1 Nd3+ 32. Kd2 Nxc1 33. Rxc1
Qxf2+ 34. Kc3 Qxf3+ 35. Kb2 e4 36. Re1 e3 37. Ka3 e2 38. Ka2 Qf1 39. h4 Qf3 40.
h5 Re5 41. Qd2 Rb5 42. b4 Ra8+ 43. Kb1 Qb3+ 44. Qb2 Qd1+ 45. Rxd1 exd1=Q+ 46.
Qc1 Rxb4# 0-1

[Event "21. Activity-Cup"]
[Site "Tennispoint Vienna, 1030 Wien,"]
[Date "2018.07.23"]
[Round "2.5"]
[White "Sölkner, Julian"]
[Black "Kaspar, Sebastian"]
[Result "1/2-1/2"]
[WhiteElo "1254"]
[BlackElo "1537"]
[PlyCount "38"]
[EventDate "2018.07.23"]

1. e4 c5 2. Nf3 d6 3. d4 cxd4 4. Nxd4 a6 5. Nc3 e5 6. Nf3 Nf6 7. Bd3 Be6 8. O-O
Nc6 9. Re1 Be7 10. b3 b5 11. Bb2 Nh5 12. Nxe5 Nxe5 13. Qxh5 g6 14. Qe2 Bh4 15.
Qe3 Qf6 16. Ne2 Nf3+ 17. Qxf3 Qxb2 18. Ng3 Qe5 19. Rad1 Qb2 1/2-1/2

[Event "21. Activity-Cup"]
[Site "Tennispoint Vienna, 1030 Wien,"]
[Date "2018.07.23"]
[Round "2.6"]
[White "Djeno, Marta"]
[Black "Kober, Stefan"]
[Result "0-1"]
[WhiteElo "1065"]
[BlackElo "826"]
[PlyCount "124"]
[EventDate "2018.07.23"]

1. c4 e5 2. Nc3 Nf6 3. g3 d5 4. d3 d4 5. Nb1 Nc6 6. Nd2 b6 7. Bg2 Bb7 8. Ngf3
Bd6 9. O-O O-O 10. a3 Qd7 11. b4 Rfe8 12. Nh4 Nd8 13. Nhf3 c5 14. b5 e4 15. Nh4
exd3 16. exd3 Bxg2 17. Kxg2 Qb7+ 18. Qf3 Qxf3+ 19. Nhxf3 Ne6 20. Re1 Nf8 21.
Rxe8 Rxe8 22. Ng5 h6 23. Nge4 Nxe4 24. Nxe4 Bc7 25. Bd2 f5 26. Nxc5 bxc5 27. a4
Re2 28. Bf4 Bxf4 29. gxf4 Nd7 30. a5 Rb2 31. b6 a6 32. Re1 Kf7 33. Kg3 Rd2 34.
Rb1 Rxd3+ 35. Kg2 Nb8 36. b7 Rc3 37. Kf1 Rxc4 38. Ke2 Rc3 39. Kd2 Ke6 40. Re1+
Kd7 41. Rb1 c4 42. Rb2 Rd3+ 43. Kc2 Rf3 44. Rb4 Rxf2+ 45. Kd1 Rxf4 46. Rxc4 Re4
47. Rc8 d3 48. Rxb8 Kc7 49. Rg8 Kxb7 50. Rxg7+ Kc6 51. Rg3 Rd4 52. Rg2 Kb5 53.
Ra2 f4 54. Kd2 Kc4 55. Ra4+ Kd5 56. Ra3 Ke4 57. Ke1 Ke3 58. Ra2 d2+ 59. Kd1 f3
60. Ra3+ Rd3 61. Ra4 f2 62. Rc4 f1=Q+ 0-1

[Event "21. Activity-Cup"]
[Site "Tennispoint Vienna, 1030 Wien,"]
[Date "2018.07.23"]
[Round "2.9"]
[White "Pavlov, Julian"]
[Black "Staicu, Natalia"]
[Result "1-0"]
[WhiteElo "870"]
[BlackElo "800"]
[PlyCount "135"]
[EventDate "2018.07.23"]

1. e4 d5 2. exd5 c6 3. dxc6 bxc6 4. Nf3 f6 5. Nc3 e5 6. Bc4 e4 7. Nh4 g5 8. g3
gxh4 9. Qh5+ Ke7 10. Qxh4 a5 11. Qxe4+ Kd7 12. Bxg8 Rxg8 13. Qxh7+ Bg7 14. Qd3+
Kc7 15. Qxd8+ Kxd8 16. O-O Bh3 17. Re1 Re8 18. Rxe8+ Kxe8 19. Ne4 Bf5 20. d3
Bxe4 21. dxe4 Nd7 22. a3 Nc5 23. f3 Bf8 24. Be3 Ne6 25. c3 Rb8 26. Bf4 Rxb2 27.
Be5 c5 28. Bxf6 Bg7 29. Bxg7 Nxg7 30. Rc1 Rb3 31. c4 Rxa3 32. Rb1 Ra4 33. Rb7
Ne6 34. Rb6 Ra1+ 35. Kg2 Ra2+ 36. Kh3 Ng5+ 37. Kg4 Nh7 38. h4 Ra3 39. Rb5 Nf6+
40. Kf4 Nh5+ 41. Kg4 Kf7 42. f4 Rxg3+ 43. Kxh5 Rf3 44. Rxa5 Rc3 45. Rxc5 Re3
46. e5 Rf3 47. Kg5 Rg3+ 48. Kh5 Rf3 49. e6+ Kxe6 50. Rc8 Ke7 51. Rc6 Rxf4 52.
Rc8 Rf5+ 53. Kg6 Rf6+ 54. Kg7 Rf4 55. h5 Rg4+ 56. Kh6 Rf4 57. Kg5 Re4 58. h6
Re5+ 59. Kg6 Ra5 60. h7 Ra6+ 61. Kg7 Ra7 62. h8=Q Rd7 63. Qh4+ Ke6+ 64. Kf8 Rb7
65. Qe4+ Kd7 66. Qxb7+ Ke6 67. Qd5+ Kf6 68. Rc6# 1-0

[Event "21. Activity-Cup"]
[Site "Tennispoint Vienna, 1030 Wien,"]
[Date "2018.07.24"]
[Round "3.1"]
[White "Peraus, Tizian"]
[Black "Miazhynski, Michael"]
[Result "0-1"]
[WhiteElo "1186"]
[BlackElo "1587"]
[PlyCount "120"]
[EventDate "2018.07.23"]

1. d4 Nf6 2. Nc3 g6 3. e4 d6 4. Nf3 Bg7 5. Bc4 O-O 6. h3 Nbd7 7. Bg5 c6 8. O-O
Qb6 9. Rb1 e5 10. dxe5 dxe5 11. Bxf6 Bxf6 12. Qd2 Qc7 13. Rfd1 Rd8 14. Qd6 Qxd6
15. Rxd6 Be7 16. Rd3 b5 17. Bb3 b4 18. Ne2 Ba6 19. Rd2 Nc5 20. Rxd8+ Rxd8 21.
Ng3 Bf6 22. c3 bxc3 23. bxc3 h5 24. Rd1 Rxd1+ 25. Bxd1 h4 26. Ne2 Nxe4 27. Nc1
Nxc3 28. Bb3 Ne2+ 29. Nxe2 Bxe2 30. Nd2 Kf8 31. Ba4 Bb5 32. Bb3 Ke7 33. f3 Bg5
34. Ne4 Be3+ 35. Kh2 Bf4+ 36. g3 hxg3+ 37. Nxg3 f5 38. Kg2 Bxg3 39. Kxg3 Kf6
40. h4 c5 41. Bc2 Be2 42. f4 e4 43. Kf2 Bd3 44. Bd1 c4 45. Ke3 c3 46. h5 gxh5
47. Bxh5 a6 48. a4 a5 49. Be8 Bf1 50. Bb5 Bxb5 51. axb5 Ke6 52. b6 Kd6 53. b7
Kc7 54. b8=Q+ Kxb8 55. Ke2 Kc7 56. Kd1 Kc6 57. Kc2 Kd5 58. Kxc3 Kc5 59. Kd2 Kd4
60. Ke2 Kc3 0-1

[Event "21. Activity-Cup"]
[Site "Tennispoint Vienna, 1030 Wien,"]
[Date "2018.07.24"]
[Round "3.2"]
[White "Peraus, Leonie"]
[Black "Miazhynski, Alexander"]
[Result "0-1"]
[WhiteElo "1269"]
[BlackElo "1122"]
[PlyCount "110"]
[EventDate "2018.07.23"]

1. c4 Nf6 2. Nc3 g6 3. Nf3 Bg7 4. d4 O-O 5. Bg5 d6 6. e3 Nbd7 7. Bd3 e5 8. O-O
b6 9. Qc2 Qe8 10. Rfd1 Bb7 11. Be4 Nxe4 12. Nxe4 f5 13. Ned2 h6 14. Bh4 g5 15.
Bxg5 hxg5 16. Nxg5 Qg6 17. Ngf3 Bh6 18. Kf1 Bxf3 19. gxf3 Kh8 20. Ke2 exd4 21.
e4 fxe4 22. Nxe4 Rae8 23. Rxd4 Nc5 24. Rf1 Bg7 25. Rdd1 Nxe4 26. fxe4 Rxe4+ 27.
Kd2 Bh6+ 28. Kc3 Rxc4+ 29. Kxc4 Qxc2+ 30. Kd5 Qf5+ 31. Kc6 Qc5+ 32. Kb7 Qb5 33.
Rg1 c5 34. Rxd6 Rf7+ 35. Kc8 Qa6+ 36. Kd8 Qb7 37. Rxh6+ Rh7 38. Rxh7+ Qxh7 39.
Re1 Qh4+ 40. Kd7 Qd4+ 41. Kc6 Qf6+ 42. Kb7 Qf7+ 43. Kc6 Qf6+ 44. Kb7 Qxb2 45.
Kxa7 Qxa2+ 46. Kxb6 Qb2+ 47. Kc6 Qf6+ 48. Kd5 Qxf2 49. Re8+ Kh7 50. Re7+ Kh6
51. Re6+ Kh5 52. Rc6 Qd4+ 53. Ke6 c4 54. Rc8 Qg4+ 55. Kd6 Qxc8 0-1

[Event "21. Activity-Cup"]
[Site "Tennispoint Vienna, 1030 Wien,"]
[Date "2018.07.24"]
[Round "3.3"]
[White "Kober, Stefan"]
[Black "Bilyalov, Erol"]
[Result "1-0"]
[WhiteElo "826"]
[BlackElo "1495"]
[PlyCount "143"]
[EventDate "2018.07.23"]

1. e4 e6 2. d4 d5 3. e5 Bb4+ 4. c3 Ba5 5. Nf3 h6 6. Bd3 Nd7 7. Be3 Bb6 8. Nbd2
c5 9. O-O c4 10. Bc2 Ne7 11. Qe2 f6 12. exf6 Nxf6 13. Ne5 Bc7 14. Ng6 Nxg6 15.
Bxg6+ Kf8 16. Qf3 Ke7 17. Bf4 Bxf4 18. Qxf4 Rf8 19. Qe5 Qd6 20. Qxd6+ Kxd6 21.
Nf3 Ng4 22. Bh5 Nf6 23. Bg6 Nd7 24. Rfe1 Rf6 25. Be8 g5 26. Bxd7 Bxd7 27. Ne5
h5 28. Re3 g4 29. g3 Raf8 30. Rf1 a6 31. Kg2 b5 32. f3 a5 33. a3 Bc6 34. f4 b4
35. Nxc6 Kxc6 36. Re5 Rh6 37. a4 bxc3 38. bxc3 Rb8 39. Rfe1 Kd7 40. f5 exf5 41.
Rxd5+ Kc6 42. Rc5+ Kd6 43. Rxc4 Rb2+ 44. Kg1 h4 45. Rc5 hxg3 46. Rxa5 Rhxh2 47.
Ra6+ Kd5 48. Ra5+ Kc4 49. Rc5+ Kd3 50. Rd1+ Ke2 51. Rf1 g2 52. Rf2+ Kd3 53.
Rxb2 Rh1+ 54. Kxg2 Ra1 55. a5 f4 56. Rcb5 Kxc3 57. Rb1 Ra2+ 58. R1b2 Ra1 59.
R5b3+ Kxd4 60. Rb4+ Ke5 61. Re2+ Kf5 62. Rb5+ Kg6 63. Re6+ Kf7 64. Ra6 f3+ 65.
Kf2 Ra2+ 66. Kg3 Rg2+ 67. Kf4 Re2 68. Rb7+ Re7 69. Rxe7+ Kxe7 70. Kg3 Kd7 71.
Rb6 Kc7 72. Rb1 1-0

[Event "21. Activity-Cup"]
[Site "Tennispoint Vienna, 1030 Wien,"]
[Date "2018.07.24"]
[Round "3.4"]
[White "Kaspar, Sebastian"]
[Black "Pavlov, Alexander"]
[Result "1-0"]
[WhiteElo "1537"]
[BlackElo "1152"]
[PlyCount "129"]
[EventDate "2018.07.23"]

1. e4 e5 2. Nf3 Nc6 3. Bb5 d6 4. d4 exd4 5. Nxd4 Bd7 6. Bxc6 Bxc6 7. Nxc6 bxc6
8. Nc3 g6 9. Qd4 Qf6 10. Qxf6 Nxf6 11. Be3 Bg7 12. Bd4 O-O 13. f3 Rfe8 14.
O-O-O Nh5 15. g3 Bxd4 16. Rxd4 Nf6 17. Rc4 c5 18. g4 h6 19. h4 Rab8 20. a3 Nd7
21. Nd5 c6 22. Nf4 Nb6 23. Rc3 Na4 24. Rb3 Rxb3 25. cxb3 Nb6 26. Rd1 Nc8 27. g5
Kg7 28. Kc2 f6 29. gxh6+ Kxh6 30. Rg1 Rg8 31. Rg4 Ne7 32. Rg1 d5 33. Ne6 c4 34.
bxc4 dxe4 35. fxe4 Nc8 36. c5 Ne7 37. Nf4 g5 38. hxg5+ Rxg5 39. Rh1+ Kg7 40.
Ne6+ Kg6 41. Nxg5 Kxg5 42. Rh7 Ng6 43. Rxa7 Kf4 44. Rf7 Kxe4 45. Rxf6 Ne5 46.
Rd6 Nf3 47. Kc3 Ne5 48. a4 Ke3 49. a5 Nf7 50. Rxc6 Nd8 51. Rb6 Ke4 52. c6 Nxc6
53. Rxc6 Kd5 54. Rc4 Kd6 55. Kd4 Ke6 56. Rc5 Kd6 57. a6 Ke6 58. Rd5 Kf6 59. Re5
Kf7 60. Kd5 Kf6 61. a7 Kf7 62. Re6 Kg7 63. a8=Q Kh7 64. Qa7+ Kg8 65. Re8# 1-0

[Event "21. Activity-Cup"]
[Site "Tennispoint Vienna, 1030 Wien,"]
[Date "2018.07.24"]
[Round "3.5"]
[White "Broneder, Kurt"]
[Black "Sölkner, Julian"]
[Result "1-0"]
[WhiteElo "1098"]
[BlackElo "1254"]
[PlyCount "111"]
[EventDate "2018.07.23"]

1. f4 e6 2. Nf3 d5 3. e3 Nf6 4. b3 b6 5. Bb2 Bb7 6. Ne5 Nc6 7. Bb5 Nd7 8. Nxc6
Bxc6 9. Bxc6 Rc8 10. Bxd7+ Qxd7 11. d3 Bb4+ 12. Nd2 O-O 13. O-O f6 14. a3 Bc5
15. Qe2 Rce8 16. b4 Bd6 17. Qg4 a5 18. c3 axb4 19. cxb4 c5 20. Bc3 b5 21. bxc5
Bxc5 22. d4 Bb6 23. Bb4 Rf7 24. Rf3 Qc6 25. Rh3 Qc2 26. Qd1 Qd3 27. Qb1 Qxb1+
28. Rxb1 e5 29. Bc5 Ba5 30. Rb2 exf4 31. exf4 Re2 32. Bb4 Bb6 33. Bc3 Rc7 34.
Kf1 Re8 35. Rxb5 Ba7 36. Nf3 Rxc3 37. a4 Ra3 38. a5 Re4 39. Nd2 Rxf4+ 40. Rf3
Raxf3+ 41. Nxf3 Bxd4 42. Rxd5 Bc3 43. Rc5 Bb4 44. Rb5 g5 45. a6 Bd6 46. a7 Ra4
47. Rb8+ Kg7 48. a8=Q Rc4 49. Qa7+ Kh6 50. Rh8 Rc1+ 51. Ne1 Rc7 52. Qe3 Rc4 53.
Qd3 Rf4+ 54. Nf3 Kh5 55. Qxh7+ Kg4 56. Qh3# 1-0

[Event "21. Activity-Cup"]
[Site "Tennispoint Vienna, 1030 Wien,"]
[Date "2018.07.24"]
[Round "3.6"]
[White "Manukyan, David"]
[Black "Manukyan, Sem"]
[Result "0-1"]
[WhiteElo "900"]
[BlackElo "1166"]
[PlyCount "94"]
[EventDate "2018.07.23"]

1. b4 b6 2. Bb2 e6 3. e3 Nf6 4. c3 Bb7 5. d4 Be7 6. Nf3 O-O 7. Nbd2 d6 8. Qc2
Nbd7 9. Bd3 h6 10. a3 Rc8 11. O-O c5 12. Rfe1 cxd4 13. exd4 Rc7 14. Re3 Qa8 15.
Be4 Rfc8 16. Bxb7 Qxb7 17. h3 Nd5 18. Rd3 Nf4 19. Re3 Nf6 20. c4 b5 21. c5 dxc5
22. dxc5 a5 23. Bxf6 Bxf6 24. Rb1 Bg5 25. Qe4 Nxh3+ 26. gxh3 Bxe3 27. Qxe3 axb4
28. axb4 Ra8 29. Ne4 Ra4 30. Qf4 Re7 31. Nd6 Qb8 32. Ne5 Raa7 33. Nc6 Qc7 34.
Nxe7+ Qxe7 35. Nxb5 Ra2 36. c6 e5 37. Qg4 h5 38. Qc8+ Kh7 39. Qf5+ g6 40. Qf3
e4 41. Qe3 Qh4 42. Rf1 f5 43. c7 f4 44. c8=Q fxe3 45. Qd7+ Kh6 46. fxe3 Qg3+
47. Kh1 Qg2# 0-1

[Event "21. Activity-Cup"]
[Site "Tennispoint Vienna, 1030 Wien,"]
[Date "2018.07.24"]
[Round "3.7"]
[White "Dotzer, Lukas"]
[Black "Pavlov, Julian"]
[Result "1-0"]
[WhiteElo "1164"]
[BlackElo "870"]
[PlyCount "63"]
[EventDate "2018.07.23"]

1. e4 e5 2. Nf3 Nc6 3. Bc4 Bc5 4. O-O Nf6 5. Re1 O-O 6. c3 d6 7. a3 Bg4 8. h3
Bh5 9. a4 a6 10. g4 Nxg4 11. hxg4 Bxg4 12. Be2 Bxf3 13. Bxf3 Qh4 14. Qe2 Ne7
15. d3 Ng6 16. Ra2 Nf4 17. Bxf4 exf4 18. b3 Ba7 19. a5 Bb8 20. e5 dxe5 21. Bxb7
Ra7 22. Bc6 Re8 23. Ra4 Re6 24. Be4 Ra8 25. Rc4 Ra7 26. Rc6 Rxc6 27. Bxc6 Qh6
28. Qxe5 Qg6+ 29. Kf1 Qxd3+ 30. Qe2 Qh3+ 31. Bg2 Qh2 32. Qe8# 1-0

[Event "21. Activity-Cup"]
[Site "Tennispoint Vienna, 1030 Wien,"]
[Date "2018.07.24"]
[Round "3.8"]
[White "Djeno, Marta"]
[Black "Haumann, Katharina"]
[Result "1-0"]
[WhiteElo "1065"]
[BlackElo "800"]
[PlyCount "73"]
[EventDate "2018.07.23"]

1. c4 e5 2. Nc3 d6 3. g3 Be7 4. Bg2 Bd7 5. d3 Nc6 6. Nf3 Nf6 7. O-O O-O 8. a3
h6 9. b4 Nd4 10. Bd2 Bc6 11. e3 Ne6 12. b5 Bd7 13. Ne1 Ng5 14. Bxb7 Rb8 15. Bg2
Bg4 16. Nf3 Rb6 17. e4 d5 18. Bxg5 hxg5 19. Qc2 a5 20. Nxe5 Qd6 21. Nxg4 Nxg4
22. Nxd5 Qc5 23. Nxb6 Qxb6 24. h3 Nh6 25. a4 Qf6 26. Qe2 Bd6 27. Qf3 Be5 28.
Qxf6 Bxf6 29. Rab1 g4 30. h4 Rd8 31. Rfd1 Bc3 32. b6 cxb6 33. Rxb6 Rd4 34. e5
Nf5 35. Be4 Ne7 36. Rb8+ Rd8 37. Rxd8# 1-0

[Event "21. Activity-Cup"]
[Site "Tennispoint Vienna, 1030 Wien,"]
[Date "2018.07.24"]
[Round "4.1"]
[White "Miazhynski, Alexander"]
[Black "Miazhynski, Michael"]
[Result "1/2-1/2"]
[WhiteElo "1122"]
[BlackElo "1587"]
[PlyCount "20"]
[EventDate "2018.07.23"]

1. e4 c5 2. Nf3 e6 3. d4 cxd4 4. Nxd4 Nf6 5. Nc3 d6 6. Be3 Be7 7. Bc4 a6 8. O-O
O-O 9. Qd2 b5 10. Bb3 Bb7 1/2-1/2

[Event "21. Activity-Cup"]
[Site "Tennispoint Vienna, 1030 Wien,"]
[Date "2018.07.24"]
[Round "4.2"]
[White "Kaspar, Sebastian"]
[Black "Kober, Stefan"]
[Result "1-0"]
[WhiteElo "1537"]
[BlackElo "826"]
[PlyCount "81"]
[EventDate "2018.07.23"]

1. d4 d5 2. c4 e6 3. Nc3 Nf6 4. Bf4 Bb4 5. Qc2 Nc6 6. e3 Bxc3+ 7. bxc3 Bd7 8.
Nf3 O-O 9. Be5 Nxe5 10. Nxe5 Qe8 11. Nxd7 Qxd7 12. Rb1 b6 13. cxd5 Qxd5 14. f3
c5 15. e4 Qc6 16. e5 Nd5 17. Bd3 g6 18. Be4 cxd4 19. cxd4 Qxc2 20. Bxc2 Ne3 21.
Be4 Rad8 22. Kf2 Nf5 23. Bxf5 exf5 24. Rhd1 f4 25. Rbc1 Rd7 26. Rd2 Rfd8 27.
Rcd1 a5 28. d5 Kf8 29. d6 Kg7 30. a4 f6 31. e6 Rb7 32. e7 Rxe7 33. dxe7 Re8 34.
Rd7 Kf7 35. Re1 Kg7 36. Rd8 Rxe7 37. Rxe7+ Kh6 38. Rh8 f5 39. Rhxh7+ Kg5 40.
h4+ Kf6 41. Rhf7# 1-0

[Event "21. Activity-Cup"]
[Site "Tennispoint Vienna, 1030 Wien,"]
[Date "2018.07.24"]
[Round "4.3"]
[White "Dotzer, Lukas"]
[Black "Peraus, Leonie"]
[Result "0-1"]
[WhiteElo "1164"]
[BlackElo "1269"]
[PlyCount "140"]
[EventDate "2018.07.23"]

1. e4 e5 2. Nf3 Nf6 3. d4 exd4 4. Bg5 d6 5. Qxd4 c5 6. Bxf6 gxf6 7. Qe3 Nc6 8.
c3 Be6 9. Bb5 Qb6 10. Qe2 h5 11. h3 Rg8 12. Bxc6+ Qxc6 13. g3 O-O-O 14. Nbd2
Bh6 15. b3 Qd7 16. h4 Qc6 17. c4 Bg4 18. Qd3 Rge8 19. O-O-O Bxd2+ 20. Nxd2 Bxd1
21. Rxd1 Re5 22. Qf3 Qd7 23. Qxf6 Rde8 24. Qh6 R8e6 25. Qh7 Re8 26. f4 R5e7 27.
Qxh5 Qh3 28. Qf3 f5 29. exf5 Qxf5 30. Nf1 Re1 31. Nd2 Qf6 32. Kc2 Qg6+ 33. Kb2
Rxd1 34. Qxd1 Qxg3 35. Qf3 Qxf3 36. Nxf3 Rf8 37. Ng5 Rxf4 38. h5 Rf5 39. Ne4
Rxh5 40. Nxd6+ Kc7 41. Ne8+ Kc6 42. Nf6 Rh3 43. Nd5 b5 44. a3 bxc4 45. bxc4 a5
46. Ne7+ Kd6 47. Nc8+ Ke5 48. Ne7 Ke4 49. Nc6 a4 50. Ka2 Kd3 51. Ne5+ Kd4 52.
Nd7 Kxc4 53. Nb6+ Kb5 54. Nd5 c4 55. Kb2 Kc5 56. Nc3 Kd4 57. Nb5+ Kd3 58. Nd6
c3+ 59. Kb1 c2+ 60. Kb2 Kd2 61. Ne4+ Ke3 62. Nd6 Rh2 63. Nc4+ Kd3 64. Ne5+ Ke4
65. Nc4 Kd4 66. Nd6 Kd3 67. Kc1 Rh1+ 68. Kb2 Rb1+ 69. Ka2 c1=Q 70. Nf5 Rb2# 0-1